00558nam a2200193ua 450000100060000000300080000600500170001400800410003103500200007204000260009204100080011808200240012610000200015024500450017026000460021530000250026150000200028665000580030662199BD-RjUL20211209081044.0170123s1966 enk 001 0 eng  a(BD-RjUL) 62324 aBD-RjULcBD-RjULbeng aeng 223a823.6bSPN 19661 aSpearman, Diana14aThe novel and society /cDiana Spearman. aLondon :bRoutledge & Kegan Paul,cc1966. avi, 256 p. ;c23 cm. aIncludes Index. 0aEnglish fictiony18th centuryxHistory and criticism.